| 000 | 00540nam a2200193 a 4500 | ||
|---|---|---|---|
| 005 | 20140310183416.0 | ||
| 008 | 070914s19uu xx 00 eng d | ||
| 020 | _a9780470122457 | ||
| 050 |
_aHF 5415.1265 _b.B29 2007 |
||
| 100 | _aBaggott, Chris | ||
| 245 | _aEmail marketing by the numbers. / | ||
| 260 |
_aNew Jersey : _bJohn Wiley & Sons, Inc, _c2007. |
||
| 300 |
_a294 p. : _bill. ; _c24 cm. |
||
| 521 | _aBSBA | ||
| 650 | _aInternet marketing. | ||
| 650 | _aElectronic mail systems. | ||
| 942 |
_cBK _2lcc _kFOR |
||
| 999 |
_c22571 _d22571 |
||